Introduction to sociology (Record no. 1461057)

MARC details
000 -LEADER
fixed length control field 00498nam a2200181Ia 4500
005 - DATE AND TIME OF LATEST TRANSACTION
control field 20250923150229.0
008 - FIXED-LENGTH DATA ELEMENTS--GENERAL INFORMATION
fixed length control field 008 250917s9999 xx 000 0 eng d
037 ## - SOURCE OF ACQUISITION
Stock number Textual
040 ## - CATALOGING SOURCE
Original cataloging agency DSWL
Language of cataloging eng
Transcribing agency DSWL
041 ## - LANGUAGE CODE
Language code of text/sound track or separate title eng
Source of code eng
084 ## - COLON CLASSIFICATION NUMBER
Classification number Yv, P5
Assigning agency DSWL
100 ## - MAIN ENTRY--PERSONAL NAME
Personal name Browne, Ken
9 (RLIN) 843658
245 #0 - TITLE STATEMENT
Title Introduction to sociology
Statement of responsibility, etc. by Ken Browne
260 ## - PUBLICATION, DISTRIBUTION, ETC.
Place of publication, distribution, etc. Crambridge
Name of publisher, distributor, etc. Polity Press USA
Date of publication, distribution, etc. 2005
300 ## - PHYSICAL DESCRIPTION
Extent 422 p.
942 ## - ADDED ENTRY ELEMENTS (KOHA)
Koha item type Textual
Classification part Yv, P5
Holdings
Withdrawn status Lost status Damaged status Not for loan Home library Current library Date acquired Total Checkouts Full call number Barcode Date last seen Price effective from Koha item type
        Department of Social Work Library Department of Social Work Library 2025-09-23   Yv, P5 SW0029914 2025-09-23 2025-09-23 Textual
Copyright @ Delhi University Library System